ABC OF HYPERTENSION (Record no. 21356)

MARC details
000 -LEADER
fixed length control field 00454nam a22001697a 4500
003 - CONTROL NUMBER IDENTIFIER
control field OSt
005 - DATE AND TIME OF LATEST TRANSACTION
control field 20211203112123.0
008 - FIXED-LENGTH DATA ELEMENTS--GENERAL INFORMATION
fixed length control field 211203b |||||||| |||| 00| 0 eng d
020 ## - INTERNATIONAL STANDARD BOOK NUMBER
International Standard Book Number 0-7279-1522-3
040 ## - CATALOGING SOURCE
Original cataloging agency DDC
Transcribing agency HU
082 ## - DEWEY DECIMAL CLASSIFICATION NUMBER
Edition number 4TH
Classification number 616.132
Item number 3
100 ## - MAIN ENTRY--PERSONAL NAME
Personal name BEEVERS GARETH
9 (RLIN) 21690
245 ## - TITLE STATEMENT
Title ABC OF HYPERTENSION
250 ## - EDITION STATEMENT
Edition statement 4TH
260 ## - PUBLICATION, DISTRIBUTION, ETC.
Place of publication, distribution, etc. UK
Name of publisher, distributor, etc. BOEHRINGER INGELHEIM PROVIDED AS ASERVICE TO MEDIVINE BY LIMITED
Date of publication, distribution, etc. 2001
942 ## - ADDED ENTRY ELEMENTS (KOHA)
Source of classification or shelving scheme Dewey Decimal Classification
Koha item type Books like text book referance book
Suppress in OPAC No
Holdings
Withdrawn status Lost status Source of classification or shelving scheme Damaged status Not for loan Home library Current library Date acquired Total Checkouts Full call number Barcode Date last seen Copy number Price effective from Koha item type
    Dewey Decimal Classification     College of Medicine and Health’s Sciences Library College of Medicine and Health’s Sciences Library 12/03/2021   616.132-B4-2001 CMHSL00006632 12/03/2021 1 12/03/2021 Books like text book referance book
    Dewey Decimal Classification     College of Medicine and Health’s Sciences Library College of Medicine and Health’s Sciences Library 12/03/2021   616.132-B4-2001 CMHSL00006633 12/03/2021 2 12/03/2021 Books like text book referance book
    Dewey Decimal Classification     College of Medicine and Health’s Sciences Library College of Medicine and Health’s Sciences Library 12/03/2021   616.132-B4-2001 CMHSL00006635 12/03/2021 3 12/03/2021 Books like text book referance book